Les meilleurs des 20 dernières saisons de Liga - Statistiques

Statistiques générales
  • Ce quiz a été pris 24 fois
  • Le résultat moyen est 13 sur 20
Statistiques - réponses
Saisons Nombres de buts Meilleurs buteurs % Correct
2014/2015 48 ⚽ Cristiano Ronaldo
100%
2013/1014 31 ⚽ Cristiano Ronaldo
100%
2010/2011 40 ⚽ Cristiano Ronaldo
100%
2020/2021 30 ⚽ Lionel Messi
100%
2019/2020 25 ⚽ Lionel Messi
100%
2018/2019 36 ⚽ Lionel Messi
100%
2017/2018 34 ⚽ Lionel Messi
100%
2016/2017 37 ⚽ Lionel Messi
100%
2012/2013 46 ⚽ Lionel Messi
100%
2011/2012 50 ⚽ Lionel Messi
100%
2009/2010 34 ⚽ Lionel Messi
100%
2003/2004 24 ⚽ Ronaldo
100%
2021/2022 27 ⚽ Karim Benzema
81%
2005/2006 26 ⚽ Samuel Eto'o
14%
2004/2005 25 ⚽ Samuel Eto'o
14%
2008/2009 32 ⚽ Diego Forlán
10%
2015/2016 40 ⚽ Luiz Suarez
10%
2022/2023 23 ⚽ Robert Lewandowski
10%
2007/2008 27 ⚽ Dani Güiza
0%
2006/2007 25 ⚽ Ruud van Nistelrooy
0%
Aucun quiz correspondant
Distribution des résultats
% des personnes avec chaque résultat
Percentile par nombre de réponses
Votre historique - résultats
Vous n’avez pas pris ce quiz